Miesto neziskových organizácií v sociálno- ekonomickom rozvoji bakalárska práca

Enregistré dans:
Détails bibliographiques
Auteur principal: Majdanová, Simona
Collectivité auteur: Národohospodárska fakulta EU. Katedra hospodárskej politiky
Autres auteurs: Fifeková, Elena
Format: Livre
Langue:slovaque
Publié: Bratislava 2020
Tags: Ajouter un tag
Pas de tags, Soyez le premier à ajouter un tag!

MARC

LEADER 00000nbm a2200000 4500
001 0265488
005 20200804125704.6
041 0 |a slo 
044 |a SK 
245 1 0 |a Miesto neziskových organizácií v sociálno- ekonomickom rozvoji  |b bakalárska práca  |c Simona Majdanová ; školiteľ: Elena Fifeková 
264 1 |a Bratislava  |c 2020 
300 |a 49 s. 
100 1 |a Majdanová, Simona 
700 1 |a Fifeková, Elena 
710 2 |a Národohospodárska fakulta EU. Katedra hospodárskej politiky